भारतीय अर्थव्यवस्था (Record no. 3770)

MARC details
000 -LEADER
fixed length control field 01173 a2200241 4500
005 - DATE AND TIME OF LATEST TRANSACTION
control field 20080912110148.0
008 - FIXED-LENGTH DATA ELEMENTS--GENERAL INFORMATION
fixed length control field 080912t xxu||||| |||| 00| 0 hin d
010 ## - LIBRARY OF CONGRESS CONTROL NUMBER
LC control number HIN-79807
020 ## - INTERNATIONAL STANDARD BOOK NUMBER
Terms of availability 275.00
International Standard Book Number 8183185843
035 ## - SYSTEM CONTROL NUMBER
System control number HN-52153
037 ## - SOURCE OF ACQUISITION
Source of stock number/acquisition D.B.Act / pub
082 ## - DEWEY DECIMAL CLASSIFICATION NUMBER
Classification number 330.954
100 ## - MAIN ENTRY--PERSONAL NAME
Personal name मिश्र, एस.के.
245 ## - TITLE STATEMENT
Title भारतीय अर्थव्यवस्था
Statement of responsibility, etc एस.के.मिश्र
246 ## - VARYING FORM OF TITLE
Title proper/short title Bhartiya Arthvyavastha
Remainder of title by S.K.Mishra
250 ## - EDITION STATEMENT
Edition statement 18वाँ संस्क
260 ## - PUBLICATION, DISTRIBUTION, ETC. (IMPRINT)
Place of publication, distribution, etc बम्बई
Name of publisher, distributor, etc हिमालया पब्लिशिंग हाउस
Date of publication, distribution, etc 2006
270 ## - ADDRESS
Address रामदूत डां.भालेराव मार्ग, गिरगांव
City बम्बई
Postal code 400004
300 ## - PHYSICAL DESCRIPTION
Extent 691पृ
Dimensions 25सेमी(अजिल्द)
700 ## - ADDED ENTRY--PERSONAL NAME
Personal name पुरी, वी.के.
942 ## - ADDED ENTRY ELEMENTS (KOHA)
Institution code [OBSOLETE] dpl
Koha item type Hindi Books
Call number prefix 330.954 / मिश्रए
Source of classification or shelving scheme Dewey Decimal Classification
Classification part 330.954
Call number suffix मिश्रए
Holdings
Withdrawn status Lost status Damaged status Not for loan Home library Current library Date acquired Cost, normal purchase price Total Checkouts Full call number Barcode Date last seen Copy number Uniform Resource Identifier Cost, replacement price Price effective from Koha item type
        D.B.Act.Division D.B.Act.Division 12/09/2008 275.00   330.954 मिश्रए HN-52153 15/09/2008 1 4006 275.00 15/09/2008 Hindi Books

© Delhi Public Library
Hit Counter
free hit counter